00414nam a2200169Ia 450000500170000000800410001704000190005804100120007708200130008910000180010224500330012026000270015330000110018065000170019165100260020885000100023420260618123938.0131103s9999 xx 000 0 und d aLoreto College aEnglish a242bTRE aTrese, Leo J. aMany are onecLeo J.Trese  aLondonbGeoffreyc1962 a147p.  aChristianity aDevotional literature aLCLIB